Slovensko z pohľadu makroekonomických ukazovateľov
Pôsobenie dvoch výrazných faktorov na slovenskú ekonomiku v roku 2009. Slovenská ekonomika z pohľadu makroekonomických ukazovateľov. Bežný účet platobnej bilancie SR. Prílev a odliv priamych zahraničných investícií v SR. Štruktúra devízových rezerv NBS. HDP Slovenska (ročný perc. rast). Miera nezame...
Gespeichert in:
| 1. Verfasser: | |
|---|---|
| Format: | Buchkapitel |
| Sprache: | Slowakisch |
| Schlagworte: | |
| Tags: |
Keine Tags, Fügen Sie das erste Tag hinzu!
|
MARC
| LEADER | 00000nla$a2200000$$$4500 | ||
|---|---|---|---|
| 001 | 0116915 | ||
| 005 | 20240502072314.1 | ||
| 041 | 0 | |a slo | |
| 044 | |a SK | ||
| 245 | 1 | 0 | |a Slovensko z pohľadu makroekonomických ukazovateľov |c Jana Kotlebová |
| 520 | |a Pôsobenie dvoch výrazných faktorov na slovenskú ekonomiku v roku 2009. Slovenská ekonomika z pohľadu makroekonomických ukazovateľov. Bežný účet platobnej bilancie SR. Prílev a odliv priamych zahraničných investícií v SR. Štruktúra devízových rezerv NBS. HDP Slovenska (ročný perc. rast). Miera nezamestnanosti na Slovensku (ročný perc. rast). Verejný deficit (perc. HDP). Verejný dlh ako percento HDP. | ||
| 610 | 2 | 0 | |a ukazovatele makroekonomické |
| 610 | 2 | 0 | |a makroekonomika |
| 610 | 2 | 0 | |a údaje štatistické |
| 610 | 2 | 0 | |a produkt domáci hrubý |
| 610 | 2 | 0 | |a nezamestnanosť |
| 610 | 2 | 0 | |a dlhy štátne |
| 610 | 2 | 0 | |a bilancia platobná |
| 610 | 2 | 0 | |a rezervy devízové |
| 610 | 2 | 0 | |a investície priame zahraničné |
| 610 | 2 | 0 | |a kapitál |
| 610 | 2 | 0 | |a Slovensko |
| 100 | 1 | |a Kotlebová, Jana, 1969- | |